000 00360nam a22001457a 4500
003 LK-CoDNM
005 20240829115013.0
008 240829b |||||||| |||| 00| 0 eng d
040 _aLK-CoDNM
_dLK-CoDNM
_eLK-CoDNM
080 _b1896
245 _aThe ceylon Civil List
260 _aColombo
_bGoverment press
_c1896
300 _b246p. : 21 cm
942 _cBK
999 _c149956
_d149956